ბათუმის შოთა რუსთაველის სახელმწიფო უნივერსიტეტის ბიბლიოთეკა

თარგმნისა და თარგმანის პრობლემები : (ბიბ.ჩანაწერი № 58575)

000 -ლიდერი
ფიქსირებული სიგრძის საკონტროლო ველი 01789nam a22002417a 4500
003 - საკონტროლო ნომრის იდენტიფიკატორი
საკონტროლო ველი Ge_BSU
005 - ბოლო ოპერაციის თარიღი და დრო
საკონტროლო ველი 20220606133307.0
008 - ფიქსირებული სიგრძის მონაცემთა ელემენტები - ზოგადი ინფორმაცია
ფიქსირებული სიგრძის საკონტროლო ველი 220606s2020 ge ||||| |||| 00| 0 geo d
020 ## - წიგნის საერთაშორისო სტანდარტული ნომერი
International Standard Book Number 9789941139475
041 ## - ენის კოდი
Language code of text/sound track or separate title geo
080 ## - უნივერსალური ათობითი კლასიფიკაციის ინდექსი
Universal Decimal Classification number 82.03=111=353.1 ჭ-87
100 ## - მთავარი ჩანაწერი - პიროვნების სახელი
Personal name ჭურაძე, ეთერ
9 (RLIN) 13988
245 ## - ცნობა სათაურის შესახებ
Title თარგმნისა და თარგმანის პრობლემები :
Remainder of title ერნესტ ჰემინგუეის მოთხრობების ქართული თარგმანები /
Statement of responsibility, etc ეთერ ჭურაძე ; სამეცნიერო რედაქტორი ინესა მერაბიშვილი ; რედაქტორი მარინე ოსაძე.
264 ## - წარმოების, გამოცემის, დისტრიბუციის და სხვა ცნობები
გამოცემის, წარმოების, დისტრიბუციის... ადგილი თბილისი :
გამოცემის, წარმოების, დისტრიბუციის... სახელწოდება ივანე ჯავახიშვილის სახ. თბილისის სახელმწ. უნივერსიტეტის გამომცემლობა,
გამოცემის, წარმოების, დისტრიბუციის... თარიღი 2020.
300 ## - ფიზიკური აღწერა
Extent 288 გვ. ;
Other physical details 21 სმ.
500 ## - ზოგადი შენიშვნა
General note ეძღვნება მამის, მურად ჭურაძის ნათელ ხსოვნას.
504 ## - BIBLIOGRAPHY, ETC. NOTE
Bibliography, etc ბიბლიოგრაფია: გვ. 276-286.
520 ## - SUMMARY, ETC.
Summary, etc რეზიუმე ინგლისურ ენაზე.
653 ## - INDEX TERM--UNCONTROLLED
Uncontrolled term ჰემინგუეი, ერნესტ, ამერიკელი მწერალი, 1899-1961.
653 ## - INDEX TERM--UNCONTROLLED
Uncontrolled term ამერიკული მოთხრობა -- ქართული თარგმანები. ამერიკული პროზა
700 ## - ADDED ENTRY--PERSONAL NAME
Personal name მერაბიშვილი, ინესა
Relator term სამეცნიერო რედაქტორი
9 (RLIN) 13990
942 ## - ADDED ENTRY ELEMENTS (KOHA)
Source of classification or shelving scheme
Koha item type წიგნი
ეგზემპლარები
ჩამოწერის სტატუსი დაკარგული ეგზემპლარის სტატუსი კლასიფიკაციის წყარო ან თაროზე გაწყობის სქემა დაზიანების სტატუსი არ გაიცემა მუდმივი მდებარეობა (დაცვის ადგილი) ამჟამინდელი ადგილსამყოფელი თაროზე განთავსების ადგილი შეძენის თარიღი ღირებულება, შესყიდვის ნორმალური ფასი სრული შენახვის შიფრი შტრიხკოდი ბოლო ოპერაციის თარიღი ეგზემპლარის მიმდევრობითი ნომერი (კეტერი?) ფასის ძალაში შესვლის თარიღი ეგზემპლარის სახეობა საჯარო შენიშვნა
          ბათუმის შოთა რუსთაველის სახელმწიფო უნივერსიტეტის მთავარი ბიბლიოთეკა ბათუმის შოთა რუსთაველის სახელმწიფო უნივერსიტეტის მთავარი ბიბლიოთეკა წიგნსაცავი 2022-06-06 12.00 82.03=111=353.1 ჭ-87 62567 2022-06-06 62567 2022-06-06 წიგნი 12 ლ.
          ბათუმის შოთა რუსთაველის სახელმწიფო უნივერსიტეტის მთავარი ბიბლიოთეკა ბათუმის შოთა რუსთაველის სახელმწიფო უნივერსიტეტის მთავარი ბიბლიოთეკა წიგნსაცავი 2022-06-06 12.00 82.03=111=353.1 ჭ-87 62568 2022-06-06 62568 2022-06-06 წიგნი 12 ლ.